00538nam a22001697a 450000500170000001000150001702000260003203500140005803700090007208200110008110000200009224500480011225000060016026000480016627001330021430000210034720241001122305.0 aENG-141852 a9789393757197c300.00 aEN-125384 bDBAD a620.25 aKhadilkar, M.R. aVIT In Its First Decade/cBy M.R. Khadilkar a1 bVishwakarma Publicationsc2022aMaharashtra a34A/1, Suyog Center, 7th floor, Gultekedi Marketyard Road, Giridhar Bhavan Chowk, e411037bPuneminfo@vpindia.co.ink9168682200 a230p.c22cm (pb)